Numbers in Spanish - Click Quiz - Statistics

General Stats
  • This quiz has been taken 353 times
  • The average score is 23 of 30
Answer Stats
Hint Answer % Correct
1 uno
96%
2 dos
94%
3 tres
92%
5 cinco
89%
4 cuatro
89%
6 seis
89%
9 nueve
88%
0 cero
87%
8 ocho
87%
10 diez
84%
7 siete
84%
12 doce
80%
11 once
80%
13 trece
78%
18 dieciocho
75%
30 treinta
74%
14 catorce
73%
19 diecinueve
73%
17 diecisiete
72%
50 cincuenta
71%
16 dieciséis
71%
60 sesenta
70%
70 setenta
70%
20 veinte
70%
40 cuarenta
69%
15 quince
69%
90 noventa
68%
80 ochenta
68%
1000 mil
64%
100 cien
62%
No matching quizzes found
Score Distribution
Percent of People with Each Score
Percentile by Number Answered
Your Score History
You have not taken this quiz